| 000 | 00996nam a2200289Ia 4500 | ||
|---|---|---|---|
| 003 | OSt | ||
| 005 | 20221007123519.0 | ||
| 006 | a|||||r|||| 00| 0 | ||
| 007 | ta | ||
| 008 | 221006b |||||||| |||| 00| 0 eng d | ||
| 020 |
_a1860944809 (pbk) _c2377.62 |
||
| 024 | _a13552 | ||
| 037 |
_b812, 21/02/2005, Unilib Book Distributors _cTextual |
||
| 040 |
_aPAPL _cPAPL _beng |
||
| 041 |
_2eng _aeng |
||
| 082 | _aC21:(D), P4 Carpa | ||
| 100 |
_aCao Guozhong _9454546 |
||
| 245 | 0 | _aNanostructures and nanomaterials: Synthesis, properties and applications | |
| 260 |
_aLondon _bImperial College Press _c2004 |
||
| 300 |
_axiv, 433p. _ccm. |
||
| 500 | _aIncludes bibliographical references; Appendix 1-6, 419-424p.; Index 425-433p. | ||
| 650 |
_a Nanomaterials _9710916 |
||
| 650 |
_a Nanostructures _9714415 |
||
| 650 | _aPhysics | ||
| 942 |
_hC21:(D), P4 Carpa _cTEXL _2CC |
||
| 999 |
_c1212029 _d1212029 |
||